Topeng

Bibliographic Details
Main Author: Tan Bok Hooi
Format: Book
Published: Kuala Lumpur : Dewan Bahasa dan Pustaka , 1992
Subjects:

MARC

LEADER 00000cam a2200000 7i4500
001 0000019931
005 20160330.0
008 080620
020 |a 9836230432 
090 0 0 |a TAN   |b MAL 
100 0 |a Tan Bok Hooi 
245 1 0 |a Topeng   |c Tan Bok Hooi 
260 |a Kuala Lumpur :   |b Dewan Bahasa dan Pustaka ,   |c 1992 
500 |a Teenager ages 13-18 years old (blue) 
650 0 |a Malay fiction 
650 0 |a Novel 
999 |a 0001026612   |b Book   |c Teenagers   |e Perbadanan Perpustakaan Awam Johor 
999 |a 0001026613   |b Book   |c Teenagers   |e Perbadanan Perpustakaan Awam Johor 
999 |a 0001026614   |b Book   |c Teenagers   |e Perbadanan Perpustakaan Awam Johor 
999 |a 000738378   |b Book   |c Adult Collection   |e Cawangan Mersing